| 000 | 00000nam##2200000za#4500 |
| 001 | 9.643537 |
| 003 | CaOODSP |
| 005 | 20210624224220 |
| 007 | cr ||||||||||| |
| 008 | 150407|1998||||xxc|||||o f|0| 0 fre|d |
| 040 | |aCaOODSP|bfre |
| 043 | |an-cn--- |
| 086 | 1 |aR74-12/1998F-PDF |
| 110 | 1 |aCanada.|bAffaires indiennes et du Nord. |bDivision des ressources hydriques. |
| 245 | 10|aProgramme de surveillance de la qualité de l'environnement de la rivière Liard : |h[ressource électronique]|brapport sommaire / |cpar Barry R. Taylor, Juanetta Sanderson et Caroline Lafontaine. |
| 260 | |aYellowknife - Territoires du Nord-Ouest : |bAffaires indiennes et du Nord. |cMars 1998. |
| 300 | |a71p.|bglossaire, références, tableaux |
| 590 | |a15-02-Supp|b2015-02-16 |
| 691 | 07|aCours d'eau|2gcpds |
| 691 | 07|aGestion de l'environnement|2gcpds |
| 775 | 08|tLiard River Environmental Quality Monitoring Program : |w(CaOODSP)9.699497 |
| 856 | 40|ahttp://publications.gc.ca|qPDF|s202 Ko|uhttps://publications.gc.ca/collections/collection_2014/aadnc-aandc/R74-12-1998-fra.pdf |